| 000 | 00931nam a2200277 i 4500 | ||
|---|---|---|---|
| 001 | 66696 | ||
| 003 | ES-MaACL | ||
| 005 | 20230921112747.0 | ||
| 007 | t| | ||
| 008 | 040323s2002 xxk ||||1| eng d | ||
| 020 | _a0-521-66387-3 | ||
| 080 | _a821.134.2Cervantes1.07 | ||
| 245 | 0 | 4 |
_aThe Cambridge Companion to Cervantes / _cedited by Anthony J. Cascardi. |
| 250 | _a1st. ed. | ||
| 260 |
_aCambridge : _bCambridge University Press, _c2002. |
||
| 300 |
_aXVII, 242 p. : _bil. ; _c24 cm. |
||
| 490 | 1 | _aCambridge companions to literature | |
| 500 | _aIndice. | ||
| 500 | _aIncluye referencias a recursos electrónicos. | ||
| 600 | 1 | 4 |
_aCervantes Saavedra, Miguel de, _d1547-1616- _xCrítica e interpretación _937602 |
| 700 | 1 |
_aCascardi, Anthony J. _936271 |
|
| 830 | 0 |
_aCambridge companions to literature _9226416 |
|
| 852 |
_aES-MaACL _jL-27144 _bR.132767 _969195 |
||
| 942 | _2udc | ||
| 999 |
_c66696 _d66696 |
||